Studies in Ephesians. (Record no. 5811)

000 -LEADER
fixed length control field 00639nam a2200193 a 4500
001 - CONTROL NUMBER
control field :::00003553$&:&@@
003 - CONTROL NUMBER IDENTIFIER
control field OkBaRHE
005 - DATE AND TIME OF LATEST TRANSACTION
control field 20000607103307.0
008 - FIXED-LENGTH DATA ELEMENTS--GENERAL INFORMATION
fixed length control field s1982 j 000 0 eng u
040 ## - CATALOGING SOURCE
Transcribing agency
100 1# - MAIN ENTRY--PERSONAL NAME
Personal name Moule, H. C. G. (Handley Carr Glyn), 1841-1920.
245 10 - TITLE STATEMENT
Title Studies in Ephesians.
260 ## - PUBLICATION, DISTRIBUTION, ETC. (IMPRINT)
Place of publication, distribution, etc Grand Rapids, MI., :
Name of publisher, distributor, etc Kregel Publications
Date of publication, distribution, etc 1982
300 ## - PHYSICAL DESCRIPTION
Extent 175 p. ;
Dimensions 19 cm.
490 0# - SERIES STATEMENT
Series statement Kregel popular commentary series.
650 ## - SUBJECT ADDED ENTRY--TOPICAL TERM
Topical term or geographic name as entry element Bible New Testament Ephesians
General subdivision Commentaries
942 ## - ADDED ENTRY ELEMENTS (KOHA)
Source of classification or shelving scheme
Koha item type Books
Copies
Damaged status Source of classification or shelving scheme Full call number Permanent Location Shelving location Price effective from Koha item type Lost status Not for loan Barcode Date last seen Withdrawn status Copy number Date acquired
  BS 2693 .M68RHEMA Bible Training CollegeGeneral Stacks2010-04-14Books  35532018-04-03 12010-04-14